| 000 | 00701nam a22001577a 4500 | ||
|---|---|---|---|
| 003 | OSt | ||
| 005 | 20151004100607.0 | ||
| 008 | 151004b xxu||||| |||| 00| 0 eng d | ||
| 040 | _cRUA | ||
| 082 | _aAVM IN 2001 B072 Or.1 | ||
| 100 |
_91980 _aIN, CHANMONY. |
||
| 245 | _aEffects of replacing fish meal with cassava leaves meal on the growth of local growing and fattening ducks, ប្រសិទ្ធភាពនៃការជំនួសម្សៅត្រីជាមួយស្លឹកដំឡូងមី ទៅលើការលូតលាស់របស់ទាក្នុងស្រុក | ||
| 260 |
_aPhnom Penh _bRUA _c2001 |
||
| 300 |
_avi; 332p. _bill. _c29cm. |
||
| 942 |
_2ddc _cAVM |
||
| 999 |
_c1872 _d1872 |
||